00431 2200169 4500001002100000005001500021008004100036020002200077035001900099041000700118082001100125090001100136100001700147245004900164260003100213300001700244INLIS00000000001223620241224114328241224||||||||| | ||| |||| || |  a978-979-045-399-9 0010-1224012236 aid0 a623.74 a623.740 aSteve Parker00akendaraan tempur m1 Abrams tank perang utama aSolobTiga Serangkaic2009 a32hlm;26.5cm